[Event "11th Tal Memorial Rapid 2018"]
[Site "Moscow"]
[Date "2018.03.02"]
[Round "1"]
[White "Mamedyarov, Shakhriyar"]
[Black "Kramnik, Vladimir"]
[Result "1/2-1/2"]
[WhiteElo "2809"]
[BlackElo "2800"]
[Annotator "TA"]
[PlyCount "86"]
[EventDate "2018.??.??"]
[EventType "rapid"]
[EventCountry "RUS"]
[SourceTitle "playchess.com"]
[Source "ChessBase"]
[SourceQuality "1"]

{[%evp 13,86,-12,-8,0,4,4,0,-4,0,0,0,18,12,12,12,0,37,14,42,31,34,19,40,39,50,56,63,52,94,0,0,0,0,0,0,0,0,0,0,0,0,0,0,0,8,0,0,0,0,0,0,0,0,-29,-29,-29,-29,-29,-29,-29,-22,-22,-22,-38,0,-38,0,0,0,0,0,0,0,0,0]} 1. d4 Nf6 2. Bg5 d5 3. Bxf6 exf6 4. e3 c6 5. Bd3 Bd6 6. Nd2 O-O 7. Qf3 {D00: Damenbauernspiele} a5 {LiveBook: 3 Partien} 8. Ne2 Na6 (8... a4 9. a3 Nd7 10. g4 b5 11. h4 b4 12. axb4 Bxb4 13. c3 Be7 14. g5 Ba6 {0-1 (42) Alvarado Diaz,A (2425)-Howell,D (2644) Douglas 2016}) 9. c3 Nc7 10. h4 {[%cal Bh2h4,Bh4h5][%mdl 32]} Re8 11. g4 ({Viel schlechter ist} 11. Qh5 g6 $17) 11... Ne6 12. O-O-O b5 $146 ({Vorgänger:} 12... Nf8 13. Ng3 Bxg3 14. Qxg3 a4 {1-0 (73) Delchev,A (2450)-Spasov,V (2525) Bulgaria 1995}) 13. Rdg1 g6 14. h5 Ng5 15. Qg2 b4 16. c4 Ba6 17. Kb1 Ra7 18. Nc1 {Droht hxg6 und aus.} dxc4 19. Bxc4 Bxc4 20. Nxc4 Bf8 21. Rd1 (21. hxg6 $16 fxg6 22. Qxc6) 21... a4 $11 {[%cal Ba5a4,Ba4a3][%mdl 32]} 22. Ne2 a3 23. b3 Qd5 24. Qxd5 $1 cxd5 25. Nd2 Bd6 26. Rc1 Rc7 27. Rxc7 Bxc7 28. Kc2 Kg7 29. Kd3 f5 30. gxf5 gxf5 {[%cal Bg6f5,Bf5e4][%mdl 32]} 31. Rc1 Bd6 32. f4 Ne4 {[#] Weiss muss nun ...Sf2+ beachten.} 33. Nxe4 (33. Nf3 {looks sharper.} Kf6 34. Rc6 Rg8 35. Ne1 Ke6 36. Rb6) 33... fxe4+ {[%mdl 4096] Endspiel KTL-KTS} 34. Kd2 Kf6 35. Rg1 h6 36. Rg2 Rc8 37. Rg1 Be7 38. Rg2 Bd6 39. Ng1 Rc3 40. Rg8 {Die Stellung ist ausgeglichen.} Rd3+ 41. Ke2 Rc3 {[#] Und ...Tc2+ würde nun gewinnen.} 42. Kd2 $1 Rd3+ 43. Ke2 Rc3 {Precision: Weiß = 79%, Schwarz = 67%.} 1/2-1/2

[Event "11th Tal Memorial Rapid 2018"]
[Site "Moscow"]
[Date "2018.03.02"]
[Round "1"]
[White "Nakamura, Hikaru"]
[Black "Gelfand, Boris"]
[Result "1-0"]
[WhiteElo "2787"]
[BlackElo "2695"]
[Annotator "TA"]
[PlyCount "129"]
[EventDate "2018.??.??"]
[EventType "rapid"]
[EventCountry "RUS"]
[SourceTitle "playchess.com"]
[Source "ChessBase"]
[SourceQuality "1"]

{[%evp 25,129,-38,-11,-16,0,0,0,0,0,0,0,0,0,0,0,0,0,0,0,0,7,0,9,0,20,15,30,0,71,0,55,64,56,57,67,83,92,83,64,82,94,97,100,82,129,133,104,101,12826,2455,2249,12814,1469,1132,12534,8562,12795,5180,2228,12,12,26,12831,12832,12832,12833,12833,12826,12827,12828,12831,0,12625,12820,12831,5161,145,38,12827,7799,12836,12836,12837,12836,12839,12838,12846,12847,12847,12843,12843,12844,12844,12844,12845,12845,12847,12847,12847,12848,12848,12849,12850,29987,12851,29989]} 1. d4 Nf6 2. c4 e6 3. Nf3 d5 4. Nc3 c6 5. Bg5 h6 6. Bh4 dxc4 7. e4 g5 8. Bg3 b5 9. Be2 Bb7 10. e5 {D43: Semi-Slav: 5 Bg5 h6} Nd5 11. O-O Nxc3 12. bxc3 c5 13. a4 a6 {LiveBook: 3 Games} 14. Qb1 {[#]} h5 $146 ({Reject} 14... cxd4 $6 15. Nxd4 h5 16. axb5 $16) ({Predecessor:} 14... g4 15. Nh4 cxd4 16. axb5 d3 17. Bxg4 a5 {1-0 (41) Grischuk,A (2780)-Karjakin,S (2753) Khanty-Mansiysk 2015}) 15. axb5 h4 16. Bxc4 {aiming for bxa6.} hxg3 17. fxg3 {Threatens to win with bxa6.} cxd4 18. bxa6 Bc6 (18... Bxa6 $6 19. Rxa6 $1 {[%mdl 512]} Rxa6 20. Bxa6 $16) 19. Nxd4 Bc5 20. Qd3 Bd5 $1 21. Kh1 {And now Bb5+ would win.} Bxc4 22. Qxc4 Qd5 23. Qb5+ $40 {[%mdl 128] White is up to no good.} Nd7 {Hoping for ...Ke7.} 24. Nf3 $1 Ba7 25. Qa4 O-O-O 26. c4 Qe4 (26... Qc5 $11 {remains equal.}) 27. Rfe1 ({Much worse is} 27. Nxg5 Rxh2+ 28. Kxh2 Rh8+ 29. Nh3 Rxh3+ 30. gxh3 Qe2+ 31. Kh1 Qe4+ 32. Kh2 Qe2+ 33. Kh1 Qe4+ 34. Kh2 $11) (27. Rae1 $1 $16 {[%cal Re1e4]} Nc5 28. Rxe4 Nxa4 29. Nxg5) 27... Nc5 (27... Qa8 $11) 28. Rxe4 $14 Nxa4 29. Nxg5 Nc3 30. Rf4 Ne2 {[%cal Re2g3]} 31. Rf3 Rd7 32. h4 Bd4 33. Rd1 Nxg3+ 34. Rxg3 {Strongly threatening Rh3.} Bxe5 35. Rxd7 Bxg3 36. Rd4 Rxh4+ $2 {[%mdl 8192]} (36... Kb8 $16) 37. Rxh4 $18 Bxh4 38. Nxf7 $16 {[%mdl 4096] Endgame KB-KN} Kb8 39. g4 {[%cal Bg2g4,Bg4g5,Bg5g6][%mdl 32]} Ka7 40. g5 Kxa6 41. Kg2 Kb6 42. g6 $1 Bf6 43. Ng5 Kc6 $2 {[%mdl 8192]} (43... Ka5 $11) 44. Kf3 $18 ({Not} 44. Nxe6 Ba1 $11) 44... Kd7 45. Ne4 Bb2 46. Kg4 Bg7 47. Kg5 Kc6 48. Kg4 Kd7 49. Kf4 Ke7 50. Kg5 (50. Ng3 $142 Bh6+ 51. Kg4) 50... Kd7 {[#]} 51. Nc5+ ({Better is} 51. Nf2 $1 $16) 51... Kd6 $2 {[%mdl 8192]} (51... Ke7 $14 52. Ne4 Kd7) 52. Nd3 Kc6 53. Kf4 Kd6 {[#]} 54. Ke4 $1 Ke7 55. Nf4 Kf6 56. c5 {[%cal Bc4c5,Bc5c6][%mdl 32] White wants to mate with Nh5+.} Ke7 57. Nh5 Bc3 58. g7 Kf7 59. c6 {c7 would kill now.} Ba5 60. Kd4 Bd8 61. Kc4 Ba5 62. Kb5 Bd8 63. Nf4 Bc7 {[#]} 64. Nxe6 $1 {[%mdl 512]} Bg3 (64... Kxe6 65. g8=Q+) 65. Kb6 {Precision: White = 78%, Black = 42%.} 1-0

[Event "11th Tal Memorial Rapid 2018"]
[Site "Moscow"]
[Date "2018.03.02"]
[Round "1"]
[White "Anand, Viswanathan"]
[Black "Dubov, Daniil"]
[Result "1-0"]
[WhiteElo "2776"]
[BlackElo "2701"]
[Annotator "TA"]
[PlyCount "69"]
[EventDate "2018.??.??"]
[EventType "rapid"]
[EventCountry "RUS"]
[SourceTitle "playchess.com"]
[Source "ChessBase"]
[SourceQuality "1"]

{[%evp 18,69,10,16,34,29,29,29,27,26,20,0,12,0,47,15,22,22,29,-8,0,0,144,143,133,136,150,131,133,126,133,132,175,170,233,236,256,245,395,420,400,362,497,438,428,430,420,410,488,457,472,387,454,444]} 1. e4 c5 2. Nf3 Nc6 3. Bb5 g6 4. Bxc6 bxc6 5. O-O Bg7 6. Re1 Nh6 7. c3 O-O 8. h3 {[%cal Bh2h3,Bh3h4][%mdl 32] B31: Sicilian: 2...Nc6 3 Bb5 g6} f5 9. e5 Nf7 10. d3 {LiveBook: 45 Games. The position is equal.} a5 $146 ({Find the theoretical novelty and annotate with similar games:} 10... d6 11. Bf4 Ba6 12. Na3 Rb8 13. Qa4 Bxd3 14. Rad1 Bb5 15. Nxb5 cxb5 16. Qxa7 {½-½ (31) Zhigalko,S (2638)-Gelfand,B (2737) Heraklio 2017}) 11. Bf4 e6 12. Qd2 h6 13. h4 Re8 14. c4 d6 15. Nc3 Ra7 16. Na4 (16. exd6 {NOTEXT} e5 17. Be3 Rb7 18. Bxc5 g5 19. hxg5 hxg5 20. d4) 16... g5 $1 {[%cal Rg5f4]} 17. hxg5 hxg5 18. Nxg5 Nxe5 19. Bxe5 dxe5 {[#]} (19... Bxe5 $11 20. Nxc5 Rg7) 20. Nf3 $1 $16 (20. Nxc5 e4 $11) 20... Bf6 21. Nxe5 Rh7 {Threatens to win with ...Bxe5.} 22. Qf4 Bg5 23. Qg3 Rg7 24. Qf3 (24. Nxc5 $6 Be7 $14) (24. Nxc6 $2 Qd7 $17) 24... Qd6 25. Re2 (25. Qxc6 Qxc6 26. Nxc6 Bd7 $15) 25... Bf6 {[#]} (25... Rh7 {was called for.} 26. Rae1 (26. Qxc6 Qxc6 27. Nxc6 Bd7 $11) 26... Bb7) 26. Rae1 $1 $18 ({Not} 26. Qxc6 $2 Qxc6 27. Nxc6 Bb7 $19) 26... Rg5 27. Qe3 ({Stronger than} 27. Qxc6 Qxc6 28. Nxc6 Bd7 $11) 27... f4 (27... Rg7 $142 28. Qxc5 Qd8) 28. Qxf4 Rf8 {[%cal Be8f8,Bf8f7,Bf7g7,Bg7g5][%mdl 32]} 29. Re3 Rf7 30. Rg3 Rxg3 31. Qxg3+ Rg7 32. Qe3 Rg5 {[%cal Rg5e5]} 33. Nf3 Rf5 34. Nc3 Bd4 35. Ne4 {Precision: White = 76%, Black = 49%.} 1-0

[Event "11th Tal Memorial Rapid 2018"]
[Site "Moscow"]
[Date "2018.03.02"]
[Round "1"]
[White "Karjakin, Sergey"]
[Black "Grischuk, Alexander"]
[Result "1/2-1/2"]
[WhiteElo "2763"]
[BlackElo "2767"]
[Annotator "TA"]
[PlyCount "85"]
[EventDate "2018.??.??"]
[EventType "rapid"]
[EventCountry "RUS"]
[SourceTitle "playchess.com"]
[Source "ChessBase"]
[SourceQuality "1"]

{[%evp 15,85,18,31,17,17,20,20,11,20,5,5,7,10,10,25,6,6,8,14,22,7,23,9,18,20,19,72,39,41,31,42,29,33,22,22,21,21,21,31,32,35,20,99,100,78,19,30,47,44,19,32,0,0,0,3,2,25,0,0,0,0,0,0,0,0,0,0,0,0,0,0,0]} 1. e4 e5 2. Nf3 Nf6 3. Nxe5 d6 4. Nf3 Nxe4 5. Nc3 Nxc3 6. dxc3 Be7 7. Be3 Nc6 {C42: Petroff Defence: 3 Nxe5 and unusual White 3rd moves} 8. Bd3 Bf6 {LiveBook: 4 Games} 9. Qd2 Be6 10. O-O-O (10. Ng5 Bxg5 11. Bxg5 Qd7 12. O-O-O f6 13. Bf4 O-O-O 14. b3 Bf5 15. Be2 {0-1 (104) Dominguez Perez,L (2739)-Yu,Y (2760) chess.com INT 2018}) 10... Qd7 ({Avoid the trap} 10... Bxa2 $2 11. b3 $18) 11. Bg5 Qe7 $146 ({Predecessor:} 11... O-O-O 12. Bxf6 gxf6 13. Qf4 Ne5 14. Qxf6 Nxd3+ 15. Rxd3 Qa4 16. a3 Qc4 17. Qd4 {1-0 (31) Ayats Llobera,G (1919)-Morais Carreras,J (1989) Llinars del Valles 2014}) 12. Qf4 Bxg5 13. Nxg5 O-O-O 14. Rhe1 Ne5 15. Kb1 h6 16. Nxe6 fxe6 17. Qe3 Kb8 18. f4 Nxd3 19. Rxd3 Rhe8 20. Rd4 Qh4 (20... Qf6 $11) 21. h3 (21. f5 $5 {[%cal Rd4h4]} Qxh2 22. fxe6 $14) 21... Qf6 22. Re4 a6 23. b3 Re7 24. Rxe6 Rxe6 25. Qxe6 Qxc3 $14 {[%mdl 4096] Endgame KQR-KQR} 26. Qe7 Rc8 27. f5 Qg3 28. Re2 Qf4 (28... h5 $11) 29. g4 $16 h5 30. Re4 ({Better is} 30. Qe3 $16 Qxe3 31. Rxe3) 30... Qf1+ 31. Kb2 Qxh3 32. Qxg7 {[#] And now f6 would win.} Qf3 33. Qd4 {Black must now prevent Rf4.} hxg4 34. Rf4 Qe2 35. Rxg4 Rf8 36. f6 Qe5 {The position is equal.} 37. Qxe5 dxe5 $11 {KR-KR} 38. Re4 Rxf6 39. Rxe5 Rf7 40. Re4 Rf6 41. Re5 Rf7 42. Re4 Rf6 43. Re5 {Precision: White = 64%, Black = 78%.} 1/2-1/2

[Event "11th Tal Memorial Rapid 2018"]
[Site "Moscow"]
[Date "2018.03.02"]
[Round "1"]
[White "Svidler, Peter"]
[Black "Nepomniachtchi, Ian"]
[Result "1/2-1/2"]
[WhiteElo "2760"]
[BlackElo "2751"]
[Annotator "TA"]
[PlyCount "56"]
[EventDate "2018.??.??"]
[EventType "rapid"]
[EventCountry "RUS"]
[SourceTitle "playchess.com"]
[Source "ChessBase"]
[SourceQuality "1"]

{[%evp 9,56,23,35,14,35,14,0,9,40,36,41,43,36,26,35,28,45,34,36,36,35,35,40,42,43,42,40,41,50,34,47,16,29,47,44,41,50,52,51,0,57,46,59,0,0,0,0,0,0]} 1. c4 e5 2. g3 Nc6 3. Nc3 Bb4 4. Bg2 Nge7 5. Nd5 Bc5 6. Nf3 {A25: English Opening vs King's Indian with ...Nc6 but without early d3} (6. e3 O-O 7. Ne2 Nxd5 8. cxd5 Ne7 9. O-O d6 10. d4 exd4 11. Nxd4 Nf5 12. Ne2 Qf6 13. Rb1 a5 14. b3 Bd7 15. Bb2 Qh6 16. e4 Ne7 17. Bd4 b6 18. Qc1 Qh5 19. Nf4 {0-1 (39) Ivanchuk,V (2738)-Nepomniachtchi,I (2732) Leuven 2017}) 6... O-O 7. O-O d6 8. e3 a6 9. b3 $146 ({Predecessor:} 9. d4 Ba7 10. h3 Nf5 11. dxe5 dxe5 12. b3 {0-1 (44) Sanchez Saez,F (2233)-Pikula,D (2437) Bad Ragaz 2016}) 9... Bg4 10. h3 Bh5 11. g4 Bg6 12. d4 exd4 13. exd4 Ba7 $1 14. Nxe7+ Nxe7 15. Re1 c6 16. Bf4 Qd7 17. Qd2 Rae8 18. Re3 f6 19. Rae1 Bf7 20. Bg3 Bb8 21. d5 cxd5 22. cxd5 Ba7 23. Nd4 h5 24. gxh5 ({Better is} 24. R3e2 $14) 24... Bxd4 (24... Bxh5 $11 25. Re6 Bxd4 26. Qxd4 Nf5) 25. Qxd4 $14 {Qg4 is the strong threat.} Bxh5 {Threatening ...Nf5.} 26. Re6 (26. Qh4 $14 Bf7 27. Qg4) 26... Nf5 $11 {The position is equal.} 27. Qf4 Nxg3 28. fxg3 Bf7 {Precision: White = 67%, Black = 58%.} 1/2-1/2

[Event "11th Tal Memorial Rapid 2018"]
[Site "Moscow"]
[Date "2018.03.02"]
[Round "2"]
[White "Mamedyarov, Shakhriyar"]
[Black "Svidler, Peter"]
[Result "1-0"]
[WhiteElo "2809"]
[BlackElo "2760"]
[Annotator "TA"]
[PlyCount "44"]
[EventDate "2018.??.??"]
[EventType "rapid"]
[EventCountry "RUS"]
[SourceTitle "playchess.com"]
[Source "ChessBase"]
[SourceQuality "1"]

{[%evp 13,44,20,20,14,16,22,20,6,20,-8,2,14,17,20,27,33,58,50,63,63,76,56,348,353,341,356,442,404,841,928,1641,1645,29992]} 1. d4 Nf6 2. Nf3 g6 3. Bg5 Bg7 4. Nbd2 c5 5. e3 cxd4 6. exd4 b6 {A48: 1 d4 Nf6 2 Nf3 g6: Torre, London and Colle Systems} (6... O-O 7. Bd3 Nc6 8. c3 d6 9. O-O Qc7 10. Re1 a6 11. a4 h6 12. Bxf6 Bxf6 13. Nc4 e5 14. dxe5 dxe5 15. Be4 Rd8 16. Qe2 Ne7 17. Bc2 {0-1 (60) Mamedyarov,S (2762)-Svidler,P (2742) Novi Sad 2016}) 7. c3 O-O {LiveBook: 4 Games} 8. Bd3 Ba6 {The position is equal.} 9. Bxa6 Nxa6 10. Qe2 $146 ({Find the theoretical novelty and annotate with similar games:} 10. O-O Nc7 11. Re1 d5 12. Ne5 Re8 13. f4 Qd6 14. Qf3 Ne4 15. Nxe4 dxe4 16. Qxe4 {½-½ (60) Schumacher,H-Cuellar,J Haifa 1976}) 10... Nc7 11. h4 b5 12. h5 b4 13. hxg6 hxg6 14. c4 $36 {[%cal Bc3c4,Bc4c5][%mdl 2080] White fights for an advantage.} Ne6 15. Be3 d5 16. c5 Ne4 17. O-O-O f5 $2 {[%mdl 8192]} (17... Qc8 $14) 18. Nxe4 $18 fxe4 {[#]} 19. Ne5 $1 {[%cal Re5g6]} Rf6 20. Qg4 Nf8 (20... Qa5 $142 21. Nd7 Nf8 22. Nxf6+ exf6) 21. Bh6 {aiming for Bxg7.} Bxh6+ 22. Rxh6 {White wants to mate with Qh4.} Qc8 {Precision: White = 82%, Black = 20%.} 1-0

[Event "11th Tal Memorial Rapid 2018"]
[Site "Moscow"]
[Date "2018.03.02"]
[Round "2"]
[White "Kramnik, Vladimir"]
[Black "Grischuk, Alexander"]
[Result "0-1"]
[WhiteElo "2800"]
[BlackElo "2767"]
[Annotator "TA"]
[PlyCount "110"]
[EventDate "2018.??.??"]
[EventType "rapid"]
[EventCountry "RUS"]
[SourceTitle "playchess.com"]
[Source "ChessBase"]
[SourceQuality "1"]

{[%evp 20,110,0,0,7,0,16,0,-1,-20,18,0,0,0,3,-19,0,-40,-54,-55,-56,-50,-41,-50,-69,-60,-46,-47,-42,-44,-41,-40,-32,-32,5,6,0,2,34,35,37,-39,-37,-57,-62,-77,0,-6,0,0,0,0,0,0,0,0,8,8,12,-127,8,8,83,8,8,5,33,0,58,58,53,-310,-298,-452,-446,-1202,-1169,-1037,-1031,-972,-885,-1467,-1424,-29949,-10818,-29975,-29978,-29978,-29979,-29979,-29980,-29980,-29981]} 1. Nf3 Nf6 2. d4 g6 3. Bf4 Bg7 4. c3 O-O 5. e3 d6 6. h3 c5 7. dxc5 {A48: 1 d4 Nf6 2 Nf3 g6: Torre, London and Colle Systems} dxc5 8. Qxd8 Rxd8 9. Bc7 Rd7 10. Bh2 Rd8 11. Nbd2 {LiveBook: 5 Games} Nc6 12. Bc4 (12. a4 Bd7 13. Be2 Rac8 14. a5 h6 {½-½ (36) Kamsky,G (2668)-Almasi,Z (2696) Reykjavik 2017}) 12... b6 13. O-O-O $146 ({Find the theoretical novelty and annotate with similar games:} 13. a4 Bb7 14. Nb3 Ne4 {½-½ (60) Appel,R (2526)-Seger,R (2372) Germany 2015}) 13... Bb7 14. Rhe1 Nd7 15. Kc2 a6 16. Ng5 Nce5 17. Bf1 b5 18. Nb3 (18. f4 $5 {[%cal Rf4e5]} Nc6 19. g4 $15) 18... Rac8 19. Na5 Ba8 20. f4 h6 21. fxe5 {Hoping for e6.} hxg5 22. e6 fxe6 {White must now prevent ...c4.} 23. c4 $1 b4 24. Nb3 Be4+ 25. Kc1 {[#]} a5 $1 {[%mdl 512]} 26. Nxa5 Ne5 27. Rxd8+ Rxd8 28. Nb3 Rc8 29. Rd1 Bf6 30. Be2 (30. Bxe5 $14 Bxe5 31. Rd2) 30... Bxg2 $15 31. Bxe5 $1 Bxe5 32. Bg4 $1 {[%cal Rg4e6]} Kg7 (32... Kf7 $17) 33. Rg1 Ba8 34. Bxe6 Rc7 35. Nd2 Bc6 36. Bd5 Bd7 $1 37. Rxg5 Bf6 38. Rg3 Ra7 39. Ne4 {[#]} (39. Kb1 $11 {keeps the balance.}) 39... Rxa2 (39... Bh4 $1 $17 {[%cal Rh4g3]} 40. Rg4 Bxg4 41. hxg4 Rxa2 42. Nxc5 Bf2) 40. Nxc5 $11 Bc8 (40... b3 $11 {remains equal.} 41. Nxb3 (41. Nxd7 Bxb2+ 42. Kd1 Bc3 $11) 41... Bxb2+ 42. Kb1 Be5 43. Rxg6+ Kxg6 44. Kxa2 Bxh3) 41. Be4 ({Better is} 41. Nd3 $16) 41... g5 42. Nd3 {Threatens to win with Kc2.} b3 $1 43. c5 Ra4 (43... Ba6 $11) 44. Bd5 $14 Ba6 45. c6 $2 {[%mdl 8192]} (45. e4 $14 {keeps the upper hand.}) 45... Bxd3 $19 46. e4 (46. Bxb3 $142 Ra5 47. h4) 46... Bxe4 47. c7 (47. Bxb3 $142 Ra1+ 48. Kd2) 47... Bxd5 48. c8=Q Rc4+ 49. Qxc4 Bxc4 50. h4 Kg6 51. Kd2 Bxb2 52. Rxg5+ Kh6 {Black mates.} 53. Rc5 Bf7 54. Rb5 Bf6 55. h5 b2 {Precision: White = 35%, Black = 64%.} 0-1

[Event "11th Tal Memorial Rapid 2018"]
[Site "Moscow"]
[Date "2018.03.02"]
[Round "2"]
[White "Nepomniachtchi, Ian"]
[Black "Anand, Viswanathan"]
[Result "0-1"]
[WhiteElo "2751"]
[BlackElo "2776"]
[Annotator "TA"]
[PlyCount "110"]
[EventDate "2018.??.??"]
[EventType "rapid"]
[EventCountry "RUS"]
[SourceTitle "playchess.com"]
[Source "ChessBase"]
[SourceQuality "1"]

{[%evp 9,110,28,24,22,21,26,24,31,35,0,0,-16,-16,-16,-16,-24,-15,-14,-2,-8,-8,-66,-64,-50,-58,-87,-83,-89,-95,-118,-107,-125,-106,-129,-125,-131,-134,-154,-142,-182,-97,-83,-82,-80,-86,-88,-62,-90,-62,-68,-65,-68,-56,-107,-87,-135,-115,-125,-100,-91,-74,-91,-33,-96,-100,-136,-133,-158,-136,-193,-139,-153,-143,-113,-139,-105,-130,-117,-137,-129,0,0,0,-8,0,0,0,-614,-604,-1201,-1266,-1724,-1625,-2730,-2096,-1770,-1159,-29981,-29982,-29981,-29982,-29982,-29982]} 1. c4 e5 2. Nc3 Bb4 3. Nd5 a5 4. Nf3 (4. g3 Nf6 5. Bg2 Nxd5 6. cxd5 O-O 7. a3 Bc5 8. d3 c6 9. Nf3 Re8 10. dxc6 Nxc6 11. O-O d5 {½-½ (114) Howell,D (2676)-Artemiev,V (2691) Riadh 2017}) 4... d6 5. a3 Bc5 {LiveBook: 5 Games} 6. e3 {A21: English Opening: 1...e5 2 Nc3} c6 7. d4 Ba7 8. Nc3 {White has an edge.} Nd7 9. Ne4 $146 ({Predecessor:} 9. Bd3 Ngf6 10. O-O O-O 11. b3 Re8 12. Bc2 Qe7 13. a4 h6 14. Ba3 Qe6 15. Nh4 g6 16. Nf3 Bb8 {½-½ (16) Popov,P (2219)-Spassov,L (2418) Albena 2010}) 9... Bb8 10. d5 {White wants to play dxc6.} Ngf6 11. dxc6 Nxe4 12. cxd7+ Bxd7 13. b3 Bc6 14. Bb2 Qb6 15. Qc2 ({White should play} 15. Be2 $11) 15... Nc5 $15 16. Nd2 O-O 17. Be2 Bxg2 18. Rg1 Bc6 19. O-O-O Qd8 20. Rg3 Qh4 21. Rdg1 g6 22. f4 Qxh2 23. Kd1 Bc7 24. Nf3 Bxf3 (24... Qh6 $1 $19 {White must now prevent ...Be4.} 25. Ng5 Qg7) 25. Bxf3 $17 Qxc2+ $1 26. Kxc2 Rab8 27. Rh3 Kg7 28. Rgh1 Rh8 29. b4 Nd7 30. Rd1 Rhd8 31. Kb3 (31. bxa5 $15 f6 32. Bc3) 31... h5 32. Rd5 b6 33. Ka4 Nf6 34. Rd2 Ng4 35. Bc6 Kh6 (35... f6 $17 36. f5 gxf5) 36. Kb5 (36. Rg2 $1 $15 Kg7 37. Kb5) 36... f5 37. Bc3 Rf8 38. Bf3 Rbe8 (38... Nxe3 39. fxe5 dxe5 40. Rd7 $15) 39. Rg2 (39. Bc6 $17 {was worth a try.} Rb8 40. Rf3) 39... Bd8 ({Don't play} 39... Nxe3 40. Rxg6+ Kxg6 41. Bxh5+ Kf6 42. Bxe8 $15) (39... exf4 $19 40. exf4 d5 $1 {[%mdl 512]} 41. cxd5 Bxf4) 40. Kc6 Bf6 ({And not} 40... Nxe3 {[#]} 41. Rxg6+ $1 {[%mdl 512]} Kxg6 42. Bxh5+ Kg7 43. Bxe8 $11) 41. Bxg4 fxg4 42. Rxg4 exf4 43. Bxf6 Rxf6 ({Not} 43... Rxe3 44. Bg5+ Kg7 45. Rxe3 $16) 44. Rxf4 Rxf4 ({Better is} 44... Ref8 $17 45. Rxf6 Rxf6) 45. exf4 $11 axb4 46. axb4 $17 {[%mdl 4096] Endgame KR-KR} Re4 47. Rc3 $1 Rxf4 {aiming for ...g5.} 48. Kxb6 $2 {[%mdl 8192]} (48. Kxd6 $11 Rd4+ 49. Ke6) 48... g5 $19 {[%cal Bg6g5,Bg5g4,Bg4g3][%mdl 32]} 49. Kc6 g4 50. b5 h4 {[%cal Bh5h4,Bh4h3,Bh3h2][%mdl 32]} 51. b6 h3 52. b7 Rf8 53. Kxd6 h2 {Black mates.} 54. Rc1 g3 55. Rh1 Kg5 {Precision: White = 34%, Black = 62%.} 0-1

[Event "11th Tal Memorial Rapid 2018"]
[Site "Moscow"]
[Date "2018.03.02"]
[Round "2"]
[White "Dubov, Daniil"]
[Black "Nakamura, Hikaru"]
[Result "1-0"]
[WhiteElo "2701"]
[BlackElo "2787"]
[Annotator "TA"]
[PlyCount "72"]
[EventDate "2018.??.??"]
[EventType "rapid"]
[EventCountry "RUS"]
[SourceTitle "playchess.com"]
[Source "ChessBase"]
[SourceQuality "1"]

{[%evp 17,72,18,23,12,29,0,0,0,0,-19,0,0,0,0,0,0,0,0,0,0,0,0,0,0,0,0,0,0,0,0,0,0,0,0,697,690,676,620,519,505,502,501,477,293,279,283,420,283,264,271,277,265,264,265,485,444,399]} 1. c4 Nf6 2. Nc3 e6 3. e4 d5 4. e5 d4 5. exf6 dxc3 6. bxc3 Qxf6 7. d4 e5 8. Nf3 Nc6 {A18: English Opening: Flohr-Mikenas System (1 c4 Nf6 2 Nc3 e6 3 e4)} 9. Be2 (9. Bg5 Qg6 10. d5 Nb8 11. h4 h6 12. h5 Qa6 13. Be3 Nd7 14. Bd3 Ba3 15. O-O Qd6 16. Nh4 O-O 17. Nf5 Qf6 18. Ng3 Qh4 19. Nf5 Qf6 20. Ng3 Qh4 {½-½ (20) Anand,V (2782)-Karjakin,S (2760) London 2017}) 9... exd4 {LiveBook: 6 Games} 10. Bg5 Qg6 {The position is equal.} 11. O-O {[%cal Bh1f1,Bf1e1,Be1e5][%mdl 32]} dxc3 $146 ({Predecessor:} 11... Be7 12. Bxe7 Nxe7 13. cxd4 O-O 14. Bd3 Qf6 15. Qc2 h6 16. Rab1 {0-1 (36) Foglieni,M (2021)-Fantinel,T (2429) Bratto 2016}) 12. Bd3 Qd6 $1 ({Don't go for} 12... Qe6 $2 13. Re1 $18) 13. Re1+ Be7 14. c5 Qxc5 {Strongly threatening ...Be6.} 15. Bxe7 Nxe7 16. Re5 Qd6 17. Bb5+ $1 Kf8 $1 (17... Bd7 18. Bxd7+ Kxd7 19. Qb3 $14) 18. Qe2 f6 $1 {[%cal Rf6e5]} 19. Rd1 fxe5 20. Nxe5 Bf5 21. Rxd6 $40 {[%mdl 128] Black needs to defend precisely.} cxd6 22. Nd7+ Kf7 ({But not} 22... Bxd7 $6 23. Bxd7 c2 24. Qxc2 $16) 23. Qc4+ Be6 24. Qf4+ $1 Nf5 25. g4 {[%cal Bg2g4,Bg4f5][%mdl 32]} Rad8 $2 {[%mdl 8192]} (25... c2 $11 26. gxf5 Bxa2) 26. gxf5 $18 Bxd7 27. Bc4+ d5 28. Bxd5+ Kf6 29. Qd6+ $1 Kxf5 30. Bc4 Rhe8 {Hoping for ...Re1+.} 31. Bd3+ $1 Kg5 (31... Kg4 $142 32. Qg3+ Kh5) 32. h4+ Kh5 {[#] White must now prevent ...Re1+.} 33. Qg3 $1 {[%csl Gh4][%cal Rg3g5]} Bg4 {...Re1+ is the strong threat.} 34. f3 Rd4 {[#]} 35. Kf2 $1 c2 $2 (35... Re7 36. fxg4+ Rxg4) 36. Bxc2 Rf8 {Precision: White = 88%, Black = 63%.} 1-0